| 000 | 00357nam a2200145Ia 4500 | ||
|---|---|---|---|
| 008 | 230312s9999||||xx |||||||||||||| ||und|| | ||
| 020 | _a0-443-06909-3 | ||
| 082 |
_a612 _bWIN-P |
||
| 100 | _aWinfield;A.J | ||
| 245 | 0 | _aPharmaceutical Practice | |
| 260 |
_bChurchill Livingstone _aIndia |
||
| 300 | _a643 | ||
| 650 |
_aPharmacy _vPharmaceutic |
||
| 942 | _cBK | ||
| 999 |
_c11014 _d11014 |
||